|
|
|
|
| LEADER |
01084nam a2200277 a 4500 |
| 001 |
3564058 |
| 008 |
101205r19991998inua 001 0 eng d |
| 010 |
|
|
|a 98084226
|
| 020 |
|
|
|a 8176352403
|
| 020 |
|
|
|a 1578700671
|
| 040 |
|
|
|a DLC
|c DLC
|d DLC
|d BD-DhAAL
|
| 082 |
0 |
0 |
|a 005.13/3
|2 21
|
| 100 |
1 |
|
|a Roth, Dave.
|
| 245 |
1 |
0 |
|a Win 32 Perl Programming :
|b the standard extensions /
|c Dave Roth.
|
| 246 |
1 |
4 |
|a Windows NT Win 32 Perl Programming
|
| 250 |
|
|
|a 1st ed.
|
| 260 |
|
|
|a Indianapolis, IN :
|b Macmillan Technical Pub. ;
|a New Delhi :
|b Techmedia,
|c c1998. [Reprinted 1999]
|
| 300 |
|
|
|a xxvi, 614 p. :
|b ill. ;
|c 23 cm.
|
| 490 |
0 |
|
|a Windows NT architect and developer series
|
| 541 |
|
|
|e 00012380
|
| 650 |
|
0 |
|a Perl (Computer program language)
|
| 630 |
0 |
0 |
|a Microsoft Windows NT.
|
| 630 |
0 |
0 |
|a Microsoft Win32.
|
| 852 |
4 |
|
|a Ayesha Abed Library
|j General shelf
|
| 999 |
|
|
|c 10149
|d 10149
|
| 952 |
|
|
|0 0
|1 0
|2 ddc
|4 0
|6 005_133000000000000_ROT
|7 0
|9 13447
|a BRACUL
|b BRACUL
|c GEN
|d 2010-12-06
|l 1
|m 4
|o 005.133 ROT
|p 3010012380
|r 2014-09-30
|s 2014-09-02
|t 1
|w 2010-12-06
|y BK
|x Price not available in Register
|